000 00311nam a22001337a 4500
008 180110b xxu||||| |||| 00| 0 eng d
020 _a9780763708580
041 _aeng
080 _a37
100 _a46
101 _aEDU
245 _aC++ LANGUAGE ESSENTIALS A LABORATORY COURSE
_cDALE.N
942 _2udc
_cBK
999 _c40055
_d40055